Półwyspy na Mapie Świata - Statystyki

Ogólne statystyki
  • Ten quiz został rozwiązany 10 348 razy
  • Średni wynik to 11 z 20
Odpowiedzi na mapie
Odpowiedzi zakodowano w zielono-czerwonej skali na mapie do tego quizu, zgodnie z poniższymi procentami.
 
Statystyki odpowiedzi
Połwysep % Poprawnych
Iberyjski
86%
Arabski
85%
Indyjski
82%
Bałkański
80%
Koreański
76%
Apeniński
68%
Floryda
65%
Krym
56%
Somalijski
54%
Kamczatka
52%
Indochiński
51%
Kalifornijski
51%
Labrador
43%
Jukatan
42%
Jutlandzki
37%
Bretoński
35%
Synaj
33%
Azja Mniejsza
29%
Jork
15%
Fennoskandzki
11%
Nie znaleziono quizów pasujących do podanych kryteriów
Rozkład punktacji
Procent ludzi z każdym wynikiem
Percentyl według liczby udzielonych odpowiedzi
Twoja historia wyników
Nie rozwiązałeś tego quizu